000 00281nam a2200121Ia 4500
005 20251222144703.0
008 251222s9999||||xx |||||||||||||| ||spa||
020 _a9972-891-22-8
082 _a759.02/C76
245 0 _aMaestros de la Pintura
264 _bEl Comercio
942 _cLIB
999 _c17540
_d17540